| 000 | 01104cam a22003497a 4500 | ||
|---|---|---|---|
| 003 | CHAP | ||
| 005 | 20220817041727.0 | ||
| 008 | 971013s1978 r 00010 d | ||
| 010 | _a22706 | ||
| 011 | _a23678 | ||
| 035 | _a27775 | ||
| 040 | _cCHAP | ||
| 082 |
_a641.1 _bC63 |
||
| 110 |
_aFAO. Comisión del Codex Alimentarius _939482 |
||
| 245 | 0 | _aGuía de límites máximos del codex para resíduos de plaguicidas | |
| 260 |
_aRoma : _bFAO, _c1978 |
||
| 300 | _a222 p. | ||
| 410 | _aFAO | ||
| 490 | 0 | _aPrograma conjunto FAO/OMS sobre normas alimentarias | |
| 590 |
_aBATCH-UPD _b10 _c20130110 _lUCH01 _h1355 |
||
| 590 |
_aBATCH-UPD _b10 _c20130410 _lUCH01 _h0850 |
||
| 590 |
_aBATCH-UPD _b10 _c20130914 _lUCH01 _h0126 |
||
| 590 |
_aCONVERSION _b10 _c20130109 _lUCH01 _h1313 |
||
| 650 | 1 | 4 |
_aAlimentos _xContaminacion por pesticidas. _94208 |
| 650 | 1 | 4 |
_aResíduos químicos. _996149 |
| 710 | 0 | _aFAO. | |
| 810 | 0 | _aFAO | |
| 830 | 0 |
_aPrograma conjunto FAO/OMS sobre normas alimentarias _992254 |
|
| 901 | _aBK | ||
| 942 | _cLIBRO | ||
| 949 |
_a641.1 C63 _bBC _cFAO _d-64293 _eFAO1 _h47028 _i27775 _mD _si |
||
| 999 |
_c22706 _d22706 |
||